Insurance chronicle

Bibliographic Details
Previous Title:Insurance accounting
Format: Electronic Journal
Language:English
Published: New York : American Banker, 2001-
Subjects:
Online Access:Full text available from Research Library: 2001 to 10/27/2003

MARC

LEADER 00000nas a2200000 a 4500
001 ssj0019118
003 WaSeSS
005 20200512172242.0
006 m d
007 cr n
008 010314c20019999nyuwn p s 0 a0eng c
010 |a  2001211659 
016 7 |a 2670960-0  |2 DE-600 
022 |l 1535-1823  |y 1535-1823 
032 |a 015709  |b USPS 
035 |a (WaSeSS)ssj0019118 
040 |a AMC  |b eng  |c AMC  |d NSD  |d OCLCQ  |d IUL  |d OCLCQ  |d OCLCF  |d OCLCO  |d LIP  |d WaSeSS 
042 |a nsdp  |a pcc 
082 1 0 |a 368  |2 13 
130 0 |a Insurance chronicle (New York, N.Y.) 
210 0 |a Insur. chron. 
222 0 |a Insurance chronicle 
245 1 0 |a Insurance chronicle  |h [electronic resource]. 
260 |a New York :  |b American Banker,  |c 2001- 
310 |a Weekly except for the last two weeks of Aug. and Dec. 
362 0 |a Vol. 12, issue 9 (Mar. 5, 2001)- 
500 |a Title from caption. 
506 |a License restrictions may limit access. 
650 0 |a Insurance  |v Periodicals. 
650 0 |a Insurance law  |v Periodicals. 
650 7 |a Insurance.  |2 fast  |0 (OCoLC)fst00974532 
650 7 |a Insurance law.  |2 fast  |0 (OCoLC)fst00974761 
655 0 |a Electronic journals. 
780 0 0 |t Insurance accounting  |x 1525-4720  |w (DLC)sn 99004049  |w (OCoLC)40864085 
856 4 0 |z Full text available from Research Library: 2001 to 10/27/2003  |u https://search.proquest.com/publication/26699